[Event "Regionalliga SW 1213"]
[Site "Bayern"]
[Date "2012.12.09"]
[Round "4.3"]
[White "Tibitanzl, Thomas"]
[Black "Gebhard, Eduard"]
[Result "1-0"]
[WhiteElo "1996"]
[BlackElo "1941"]
[PlyCount "58"]
[EventDate "2012.10.14"]
[EventType "team-tourn"]
[EventRounds "9"]
[EventCountry "GER"]
[SourceTitle "EXT 2015"]
[Source "ChessBase"]
[SourceDate "2014.11.20"]
[SourceVersion "1"]
[SourceVersionDate "2014.11.20"]
[SourceQuality "1"]
[WhiteTeam "MSA Zugzwang II"]
[BlackTeam "Kaufbeuren"]
[WhiteTeamCountry "GER"]
[BlackTeamCountry "GER"]

1. d4 Nf6 2. Nf3 g6 3. Bf4 Bg7 4. c3 d6 5. e3 Nbd7 6. Bc4 d5 7. Bd3 c5 8. Nbd2 Qb6 9. Rb1 0-0 10. h3 Re8 11. 0-0 Nh5 12. Bh2 e5 13. dxe5 Nxe5 14. Bxe5 Bxe5 15. Qa4 Re7 16. Nxe5 Rxe5 17. Nf3 Re7 18. b4 Qf6 19. bxc5 Bxh3 20. Qd4 Be6 21. Rb4 Rc7 22. Rfb1 Qe7 23. Be2 Ng7 24. a4 Qxc5 25. Rxb7 Qxc3 26. Rb8+ Rxb8 27. Rxb8+ Bc8 28. Qxc3 Rxc3 29. Ba6 Ne6 1-0

[Event "Regionalliga SW 1112"]
[Site "Bayern"]
[Date "2012.02.26"]
[Round "7.4"]
[White "Groenegress, Wilfried"]
[Black "Gebhard, Eduard"]
[Result "1/2-1/2"]
[WhiteElo "1980"]
[BlackElo "1894"]
[PlyCount "102"]
[EventDate "2011.10.02"]
[EventType "team-tourn"]
[EventRounds "9"]
[EventCountry "GER"]
[SourceTitle "EXT 2015"]
[Source "ChessBase"]
[SourceDate "2014.11.20"]
[SourceVersion "1"]
[SourceVersionDate "2014.11.20"]
[SourceQuality "1"]
[WhiteTeam "Tuerkheim/Bad Woerishofen"]
[BlackTeam "Kaufbeuren"]
[WhiteTeamCountry "GER"]
[BlackTeamCountry "GER"]

1. e4 c5 2. Nc3 Nc6 3. Bb5 Nd4 4. Bc4 g6 5. Nge2 Bg7 6. Nxd4 cxd4 7. Ne2 d6 8. d3 e6 9. 0-0 Ne7 10. c3 Nc6 11. cxd4 Nxd4 12. Nxd4 Bxd4 13. Bxe6 0-0 14. Bd5 Qf6 15. Rb1 h5 16. Bh6 Re8 17. Qd2 Be6 18. Bg5 Qg7 19. Bxe6 fxe6 20. Be3 Rac8 21. Bxd4 Qxd4 22. Rbc1 Kg7 23. Rc2 Rxc2 24. Qxc2 Kf7 25. Rc1 Re7 26. Qd2 Kg7 27. Rc4 Qf6 28. d4 d5 29. e5 Qf5 30. Rc1 Rf7 31. h3 Qe4 32. a3 Qh4 33. Qe3 Qd8 34. Rc5 Qe8 35. g3 Qd7 36. Rc3 Qa4 37. Kg2 Qd1 38. Rc1 Qa4 39. Qd2 Qb3 40. Rc3 Qa4 41. Rc1 Qb3 42. Qc3 Qb5 43. Qd2 Qb3 44. Rc3 Qb5 45. Rf3 Rxf3 46. Kxf3 Qf1 47. Qf4 Qxh3 48. Qf6+ Kh6 49. Qf8+ Kh7 50. Qf7+ Kh8 51. Qf8+ Kh7 1/2-1/2

[Event "Regionalliga SW 1112"]
[Site "Bayern"]
[Date "2011.10.23"]
[Round "2.5"]
[White "Baumgartl, Heinz"]
[Black "Gebhard, Eduard"]
[Result "1/2-1/2"]
[WhiteElo "1822"]
[BlackElo "1894"]
[PlyCount "70"]
[EventDate "2011.10.02"]
[EventType "team-tourn"]
[EventRounds "9"]
[EventCountry "GER"]
[SourceTitle "EXT 2013"]
[Source "ChessBase"]
[SourceDate "2012.11.22"]
[SourceVersion "1"]
[SourceVersionDate "2012.11.22"]
[SourceQuality "1"]
[WhiteTeam "Schwabing SG Nord"]
[BlackTeam "Kaufbeuren"]
[WhiteTeamCountry "GER"]
[BlackTeamCountry "GER"]

1. e4 c5 2. Nf3 d6 3. d4 cxd4 4. Nxd4 Nf6 5. Nc3 a6 6. Be2 e5 7. Nf3 Be7 8. h3 Qc7 9. 0-0 Be6 10. Bg5 Nbd7 11. Qd2 h6 12. Bxf6 Nxf6 13. Rfe1 0-0 14. Bf1 b5 15. a3 Rac8 16. Rac1 Rfd8 17. Nd5 Bxd5 18. exd5 Qb7 19. c4 bxc4 20. Rxc4 Nxd5 21. Rxc8 Rxc8 22. Bxa6 Qxa6 23. Qxd5 Rc2 24. Qb3 Qc6 25. Nd4 exd4 26. Rxe7 d5 27. Qb8+ Kh7 28. Qf4 Rxb2 29. Qxf7 Qc1+ 30. Kh2 Qg5 31. Rd7 Qe5+ 32. f4 Rxg2+ 33. Kxg2 Qe2+ 34. Kg3 Qe3+ 35. Kg4 Qe2+ 1/2-1/2